Normal view
MARC view
- Adult child sexual abuse victims
Entry Topical Term
001 - CONTROL NUMBER
- control field: 122047
003 - CONTROL NUMBER IDENTIFIER
- control field: NUST
005 - DATE AND TIME OF LATEST TRANSACTION
- control field: 20240311101221.0
008 - FIXED-LENGTH DATA ELEMENTS
- fixed length control field: 240311|| aca||aabn | a|a d
040 ## - CATALOGING SOURCE
- Original cataloging agency: NUST
- Transcribing agency: NUST
150 ## - HEADING--TOPICAL TERM
- Topical term or geographic name entry element: Adult child sexual abuse victims
- General subdivision: Psychology
670 ## - SOURCE DATA FOUND
- Source citation: Work cat.: (NUST)344150: Levenkron, Steven, 1941- 122046, Stolen tomorrows :, c2007.
